000 00874nam a2200265 i 4500
001 12127
003 KOSZ 005
005 20200507114812.0
008 070602s1970 pl a f f 000 0 pol
015 _aPB 1970/844
040 _aWA N
_cKOSZ 005/RW
_dKOSZ 005/RW
080 _a693
100 1 _aLenkiewicz, Władysław
_d(1915-2005)
_eAutor
245 1 0 _aRoboty tynkowe :
_bporadnik /
_cWładysław Lenkiewicz, Leonard Urban.
250 _aWyd. 2.
260 _aWarszawa :
_bWydawnictwo "Arkady",
_c1970.
300 _a221, [2] s. :
_bil. ;
_c25 cm.
380 _aKsiążki.
504 _aBibliogr. s. [223].
650 4 _aTynkarstwo.
710 2 _aWydawnictwo "Arkady".
_4pbl.
700 1 _aUrban, Leonard
_eAutor
856 _uhttp://koha.tu.koszalin.pl/cgi-bin/koha/opac-detail.pl?biblionumber=12127
_yKatalog online BPK
942 _2UKD
_cKS
999 _c12127
_d12127